| 000 | 00633cab a2200241 4500 | ||
|---|---|---|---|
| 001 | X2673 | ||
| 008 | 090401t1991 xxu||||| |||| 00| 0 eng d | ||
| 035 | _a(Sirsi) u25728 | ||
| 041 | _aeng | ||
| 100 | _aRowley, J. | ||
| 245 | _aNational Transfer Format - progress report | ||
| 260 | _c1991 | ||
| 350 | _a0 | ||
| 490 |
_aMapping Awareness _v5(5) June 1991, 25-27(3) |
||
| 650 | _aDIGITAL MAP DATA | ||
| 650 | _aNATIONAL TRANSFER FORMAT | ||
| 650 | _aSPATIAL DATA | ||
| 650 | _aSTANDARDS | ||
| 690 | _aMANAGEMENT-BUSINESS MANAGEMENT-INFORMATION MANAGEMENT | ||
| 700 | _aSowton, S. | ||
| 942 | _n0 | ||
| 948 | _c04/03/1997 | ||
| 999 |
_c17290 _d17290 |
||